000 00210nam a22000857a 4500
008 170111b xxu||||| |||| 00| 0 eng d
100 _92337
_aAggarwal.K.
245 _aMathematics-X
260 _aNew Delhi
_bRachna
_c2009
999 _c5275
_d5275